000 00429pab a2200169 454500
008 180718b2006 xxu||||| |||| 00| 0 eng d
100 _aMarcothyse, Sharron
245 _aLand rights in South Africa: a mechanism against poverty?
260 _c2006
300 _ap.133-37.
362 _aSep
650 _aPoverty
650 _aLand tenure - South Africa
650 _aLand tenure
773 _aDevelopment
909 _a72663
999 _c72663
_d72663